[Event "Africa-ch U2300 (Women)"]
[Site "Mombasa"]
[Date "2022.11.30"]
[Round "5"]
[White "Mariam, Said Hussein"]
[Black "Mwale, Naomi"]
[Result "0-1"]
[WhiteElo "1054"]
[BlackElo "1559"]
[PlyCount "62"]
[EventDate "2022.11.27"]
[EventType "swiss"]
[EventRounds "9"]
[EventCountry "KEN"]
[SourceTitle "EXT 2024"]
[Source "ChessBase"]
[SourceDate "2023.10.10"]
[SourceVersion "1"]
[SourceVersionDate "2023.10.10"]
[SourceQuality "1"]

1. e4 e5 2. Nf3 Nc6 3. Bc4 Bc5 4. d3 h6 5. 0-0 d6 6. Nc3 Bg4 7. h3 Bh5 8. Ne2 Bxf3 9. gxf3 Qh4 10. Kh2 Bxf2 11. c3 Nf6 12. Qb3 0-0 13. Qxb7 Na5 14. Qxc7 Nxc4 15. Qxc4 Nh5 16. Rg1 Bxg1+ 17. Kxg1 Qe1+ 18. Kg2 Qxe2+ 19. Kg1 Ng3 20. Bd2 Qxd2 21. d4 Rfc8 22. Qa4 Rab8 23. Rb1 Ne2+ 24. Kf1 Qd3 25. Qd1 Ng3+ 26. Kf2 Rxb2+ 27. Rxb2 Qxd1 28. Kxg3 Rxc3 29. Rb8+ Kh7 30. Kg4 Qxf3+ 31. Kh4 Qxh3# 0-1